000 00298nam a22001457a 4500
008 221024b ||||| |||| 00| 0 eng d
020 _a9781565639270
041 _aeng
080 _a7
082 _a7GOR
100 _a21.2
101 _aART
245 _aSCRIPTURE
_cGORMAN M
942 _2udc
_cBK
999 _c58649
_d58649